[Event "Pinerolo op"]
[Site "Pinerolo"]
[Date "2009.11.15"]
[Round "5"]
[White "Finocchiaro, Gianluca"]
[Black "Giacone, Maurizio"]
[Result "1-0"]
[WhiteElo "2065"]
[BlackElo "1731"]
[PlyCount "65"]
[EventDate "2009.11.13"]
[EventType "swiss"]
[EventRounds "5"]
[EventCountry "ITA"]
[SourceTitle "EXT 2012"]
[Source "ChessBase"]
[SourceDate "2011.11.24"]
[SourceVersion "1"]
[SourceVersionDate "2011.11.24"]
[SourceQuality "1"]

1. e4 d5 2. exd5 Qxd5 3. Nc3 Qa5 4. b4 Qxb4 5. a4 Nf6 6. Rb1 Qd6 7. Nf3 c6 8. Bc4 e6 9. 0-0 Be7 10. d4 0-0 11. g3 Nd5 12. Ne4 Qd8 13. Qd3 Nd7 14. Bb3 N5f6 15. Nxf6+ Bxf6 16. c4 g6 17. Nd2 e5 18. Ne4 exd4 19. Bh6 Bg7 20. Bxg7 Kxg7 21. Qxd4+ Nf6 22. Qb2 Bf5 23. Rbd1 Qe7 24. Nd6 Be6 25. Rfe1 Rad8 26. c5 b6 27. Qe5 bxc5 28. f4 Kg8 29. f5 gxf5 30. Nxf5 Bxf5 31. Qxe7 Rxd1 32. Rxd1 Kg7 33. Rf1 1-0

[Event "Pinerolo op"]
[Site "Pinerolo"]
[Date "2009.11.14"]
[Round "2"]
[White "Giacone, Maurizio"]
[Black "Molina, Fabrizio"]
[Result "0-1"]
[WhiteElo "1731"]
[BlackElo "2220"]
[PlyCount "30"]
[EventDate "2009.11.13"]
[EventType "swiss"]
[EventRounds "5"]
[EventCountry "ITA"]
[SourceTitle "EXT 2012"]
[Source "ChessBase"]
[SourceDate "2011.11.24"]
[SourceVersion "1"]
[SourceVersionDate "2011.11.24"]
[SourceQuality "1"]

1. b3 e5 2. Bb2 Nc6 3. e3 d5 4. Bb5 Bd6 5. h3 Nge7 6. Nf3 0-0 7. Be2 h6 8. c4 e4 9. Nd4 Nxd4 10. Bxd4 Nf5 11. Bb2 Qg5 12. Bg4 h5 13. Bxh5 Qxg2 14. Rf1 Ng3 15. Be2 Bxh3 0-1